SZAB-hírek. [Röv. hír.]

Elmentve itt :
Bibliográfiai részletek
Dokumentumtípus: Cikk
Megjelent: 1992-08-03
Sorozat:Délmagyarország 82 No. 182
Kulcsszavak:SZAB rendezvények
Online Access:http://dmarchiv.bibl.u-szeged.hu/82094
LEADER 00401nab a2200145 i 4500
001 delm82094
005 20191002115123.0
008 191002s1992 hu o 0|| hun d
040 |a SZTE Délmagyarország Archívum  |b hun 
041 |a hun 
245 0 0 |a SZAB-hírek. [Röv. hír.]  |h [elektronikus dokumentum] 
260 |c 1992-08-03 
300 |a 16 
490 0 |a Délmagyarország  |v 82 No. 182 
695 |a SZAB rendezvények